[Event "Benalmadena Rapid op 1st"]
[Site "Benalmadena"]
[Date "2023.02.25"]
[Round "1"]
[White "Fomani, Medhi"]
[Black "Cheparinov, Ivan"]
[Result "0-1"]
[WhiteElo "1899"]
[BlackElo "2659"]
[PlyCount "38"]
[EventDate "2023.02.25"]
[EventType "swiss (rapid)"]
[EventRounds "9"]
[EventCountry "ESP"]
[SourceTitle "CBM 212 Extra"]
[Source "ChessBase"]
[SourceDate "2023.03.31"]
[SourceVersion "1"]
[SourceVersionDate "2023.03.31"]
[SourceQuality "1"]

1. d4 Nf6 2. Bg5 d5 3. Bxf6 gxf6 4. e3 e5 5. c3 Be6 6. g3 Nd7 7. Bg2 c6 8. Nd2 Bd6 9. Ne2 Qe7 10. 0-0 h5 11. Rc1 h4 12. c4 hxg3 13. hxg3 Qf8 14. cxd5 cxd5 15. Nf3 Ke7 16. a3 e4 17. Nh4 Qg7 18. Nf4 Bxf4 19. exf4 Rxh4 0-1

[Event "Benalmadena Rapid op 1st"]
[Site "Benalmadena"]
[Date "2023.02.25"]
[Round "2"]
[White "Ledesma Claros, Daniel"]
[Black "Fomani, Medhi"]
[Result "0-1"]
[WhiteElo "2073"]
[BlackElo "1899"]
[PlyCount "152"]
[EventDate "2023.02.25"]
[EventType "swiss (rapid)"]
[EventRounds "9"]
[EventCountry "ESP"]
[SourceTitle "EXT 2024"]
[Source "ChessBase"]
[SourceDate "2023.10.10"]
[SourceVersion "1"]
[SourceVersionDate "2023.10.10"]
[SourceQuality "1"]

1. e4 c6 2. Nf3 d5 3. Nc3 Bg4 4. h3 Bxf3 5. Qxf3 dxe4 6. Nxe4 Nf6 7. Bd3 Nxe4 8. Qxe4 e6 9. 0-0 Nd7 10. b3 Nc5 11. Qf3 Nxd3 12. cxd3 Qd4 13. Rb1 Rd8 14. Bb2 Qxd3 15. Qh5 Rd5 16. Qg4 Qg6 17. Qxg6 hxg6 18. Bc3 f6 19. Rfe1 Kf7 20. Re4 Bc5 21. Rbe1 Re8 22. b4 Bb6 23. a4 a6 24. g3 g5 25. Kg2 Rf5 26. R1e2 Rd5 27. Re1 g6 28. h4 f5 29. Rc4 g4 30. Rb1 Red8 31. Re1 R8d7 32. Rh1 Bd4 33. h5 Bxc3 34. hxg6+ Kxg6 35. dxc3 Rd1 36. Rxd1 Rxd1 37. f4 Rd2+ 38. Kg1 Rc2 39. Rc5 Kf6 40. Kf1 Ke7 41. Rc4 Ra2 42. b5 axb5 43. axb5 Kd6 44. Rb4 c5 45. Rb1 b6 46. Rd1+ Ke7 47. c4 Rc2 48. Ra1 Rxc4 49. Ra6 Rb4 50. Rxb6 c4 51. Rc6 Kd7 52. Ke2 Rxb5 53. Rxc4 Rb2+ 54. Kf1 Kd6 55. Rd4+ Ke7 56. Rd3 Kf6 57. Rd6 Rb3 58. Kf2 Rf3+ 59. Kg2 Ra3 60. Kf2 Ke7 61. Rb6 Ra4 62. Rc6 Kd7 63. Rb6 Re4 64. Ra6 Rc4 65. Rb6 Rc2+ 66. Kg1 Rd2 67. Ra6 Rd6 68. Ra7+ Kc6 69. Ra5 Rd5 70. Ra6+ Kd7 71. Ra7+ Kd6 72. Ra6+ Ke7 73. Ra7+ Kf6 74. Ra6 Rd3 75. Kg2 Rd6 76. Rb6 Rd2+ 0-1

[Event "ESP-ch Seniora 50"]
[Site "Altea"]
[Date "2022.11.01"]
[Round "4"]
[White "Iruzubieta Villaluenga, Jesus Maria"]
[Black "Fomani, Medhi"]
[Result "1-0"]
[WhiteElo "2432"]
[BlackElo "1925"]
[PlyCount "83"]
[EventDate "2022.10.29"]
[EventType "swiss"]
[EventRounds "9"]
[EventCountry "ESP"]
[SourceTitle "EXT 2024"]
[Source "ChessBase"]
[SourceDate "2023.10.10"]
[SourceVersion "1"]
[SourceVersionDate "2023.10.10"]
[SourceQuality "1"]
[WhiteTeam "Spain"]
[BlackTeam "Spain"]
[WhiteTeamCountry "ESP"]
[BlackTeamCountry "ESP"]

1. d4 d5 2. Bf4 c6 3. e3 Nf6 4. c4 e6 5. Nc3 Bd6 6. Bg3 a6 7. Nf3 b5 8. cxd5 cxd5 9. Bd3 Bb7 10. 0-0 Bxg3 11. hxg3 0-0 12. a4 b4 13. Na2 a5 14. Nc1 Ba6 15. Bxa6 Rxa6 16. Nb3 Nbd7 17. Qd3 Qb6 18. Rfc1 Raa8 19. Rc2 Rfc8 20. Rac1 Rxc2 21. Qxc2 h6 22. Ne1 Qa6 23. Nd3 Ne4 24. g4 Nb6 25. Nbc5 Nxc5 26. dxc5 Rc8 27. b3 f6 28. c6 Na8 29. Nf4 Nc7 30. Qc5 Re8 31. Qd6 Qc8 32. Rc5 Rd8 33. Qe7 d4 34. Nh5 Ne8 35. c7 Rd5 36. Rxd5 exd5 37. Qd8 Qxc7 38. Qxe8+ Kh7 39. exd4 Qc1+ 40. Kh2 Qg5 41. Qe6 Kh8 42. Qc8+ 1-0

[Event "ESP-ch Seniora 50"]
[Site "Altea"]
[Date "2022.10.30"]
[Round "2"]
[White "Cantero Navarro, Antonio"]
[Black "Fomani, Medhi"]
[Result "1-0"]
[WhiteElo "2146"]
[BlackElo "1925"]
[PlyCount "139"]
[EventDate "2022.10.29"]
[EventType "swiss"]
[EventRounds "9"]
[EventCountry "ESP"]
[SourceTitle "EXT 2024"]
[Source "ChessBase"]
[SourceDate "2023.10.10"]
[SourceVersion "1"]
[SourceVersionDate "2023.10.10"]
[SourceQuality "1"]
[WhiteTeam "Spain"]
[BlackTeam "Spain"]
[WhiteTeamCountry "ESP"]
[BlackTeamCountry "ESP"]

1. e4 c6 2. c4 d5 3. exd5 cxd5 4. cxd5 Qxd5 5. Nc3 Qa5 6. Bc4 e6 7. Nf3 Nf6 8. 0-0 Be7 9. d4 0-0 10. Qe2 Nc6 11. a3 a6 12. b4 Qd8 13. Rd1 b5 14. Bb3 Nd5 15. Ne4 h6 16. Qd3 Bb7 17. Bc2 f5 18. Nc5 Bxc5 19. dxc5 Qf6 20. Rb1 Ne5 21. Nxe5 Qxe5 22. Bb2 Qf4 23. Re1 Rae8 24. Rbd1 Qg5 25. Qg3 Qxg3 26. hxg3 Kf7 27. Re5 g6 28. Rde1 Bc6 29. Bc1 g5 30. Bb3 Re7 31. f3 Ra8 32. Kf2 a5 33. bxa5 Rxa5 34. Bb2 Raa7 35. Rh1 Kg6 36. g4 Nf4 37. Bc2 Rad7 38. gxf5+ Kf7 39. Bc1 Kf6 40. Bxf4 gxf4 41. Re2 Kg5 42. fxe6 Rd5 43. Be4 Rxc5 44. Bxc6 Rxc6 45. Rb1 Rc5 46. Rb4 Kf5 47. Kg1 Rxe6 48. Rxf4+ Kxf4 49. Rxe6 Rc3 50. Re4+ Kf5 51. a4 bxa4 52. Rxa4 Kg5 53. Rg4+ Kf6 54. Kh2 Rc2 55. Kh3 Ra2 56. Kh4 Ra5 57. Rb4 Rg5 58. Rf4+ Ke6 59. Rg4 Ra5 60. Rg6+ Kf7 61. Rxh6 Kg7 62. Rb6 Ra4+ 63. g4 Ra7 64. f4 Kh7 65. Kh5 Rf7 66. f5 Ra7 67. g5 Kg8 68. g6 Ra1 69. Kh6 Rh1+ 70. Kg5 1-0

[Event "Malaga op 15th"]
[Site "Malaga"]
[Date "2021.11.01"]
[Round "7"]
[White "Lopez Gonzalez, Daniel"]
[Black "Fomani, Medhi"]
[Result "1-0"]
[WhiteElo "2198"]
[BlackElo "1979"]
[PlyCount "55"]
[EventDate "2021.10.29"]
[EventType "swiss"]
[EventRounds "7"]
[EventCountry "ESP"]
[SourceTitle "CBM 204 Extra"]
[Source "ChessBase"]
[SourceDate "2021.11.30"]
[SourceVersion "1"]
[SourceVersionDate "2021.11.30"]
[SourceQuality "1"]

1. d4 d5 2. c4 c6 3. Nf3 Nf6 4. Qc2 g6 5. Bf4 Bg7 6. e3 0-0 7. Nc3 Nbd7 8. cxd5 Nxd5 9. Nxd5 cxd5 10. Bc7 Qe8 11. Bb5 f6 12. 0-0 Qf7 13. e4 Kh8 14. Rfe1 e6 15. exd5 exd5 16. Bd6 Re8 17. Qc7 Re4 18. Bd3 f5 19. Ng5 Qe8 20. Nxe4 fxe4 21. Bb5 h6 22. Be5 a6 23. Bxg7+ Kxg7 24. Ba4 Qf7 25. Rac1 Qe6 26. f3 e3 27. Qf4 e2 28. Rc2 1-0

[Event "Gibraltar Masters 13th"]
[Site "Caleta"]
[Date "2015.02.05"]
[Round "10"]
[White "Heer, Stephan"]
[Black "Fomani, Medhi"]
[Result "1/2-1/2"]
[WhiteElo "2157"]
[BlackElo "2033"]
[PlyCount "61"]
[EventDate "2015.01.27"]
[EventType "swiss"]
[EventRounds "10"]
[EventCountry "GGB"]
[SourceTitle "CBM 165"]
[Source "ChessBase"]
[SourceDate "2015.03.11"]
[SourceVersion "1"]
[SourceVersionDate "2015.03.11"]
[SourceQuality "1"]

1. Nf3 c6 2. g3 Nf6 3. Bg2 d5 4. 0-0 g6 5. d3 Bg7 6. Nbd2 Nbd7 7. e4 e5 8. exd5 cxd5 9. Re1 Qc7 10. c4 0-0 11. Rb1 a5 12. b3 Re8 13. Bb2 d4 14. a3 Nc5 15. Qc2 Bf5 16. Bf1 h6 17. b4 axb4 18. axb4 Na4 19. Qb3 Nxb2 20. Rxb2 Nd7 21. c5 Be6 22. Qc2 Ra3 23. Ne4 Rea8 24. Nfd2 Ra1 25. Reb1 Rxb1 26. Qxb1 Bf8 27. Nc4 Bxc4 28. dxc4 f5 29. Nd2 e4 30. Bg2 Bg7 31. Bf1 1/2-1/2

[Event "Gibraltar Masters 13th"]
[Site "Caleta"]
[Date "2015.02.04"]
[Round "9"]
[White "Fomani, Medhi"]
[Black "Hoffmann, Hendrik"]
[Result "1/2-1/2"]
[WhiteElo "2033"]
[BlackElo "2206"]
[PlyCount "79"]
[EventDate "2015.01.27"]
[EventType "swiss"]
[EventRounds "10"]
[EventCountry "GGB"]
[SourceTitle "CBM 165"]
[Source "ChessBase"]
[SourceDate "2015.03.11"]
[SourceVersion "1"]
[SourceVersionDate "2015.03.11"]
[SourceQuality "1"]

1. d4 d5 2. Nf3 Nf6 3. e3 Bg4 4. Be2 e6 5. 0-0 Bd6 6. b3 Ne4 7. Bb2 0-0 8. Nbd2 f5 9. Ne5 Bxe2 10. Qxe2 Nxd2 11. Qxd2 Nd7 12. Nxd7 Qxd7 13. f4 c6 14. Qe2 Rf6 15. Rf3 Rg6 16. Rh3 Rg4 17. Rg3 Rxg3 18. hxg3 Qf7 19. Kf2 g5 20. Rh1 g4 21. c4 Kg7 22. c5 Be7 23. b4 a6 24. a4 h5 25. Bc3 Rh8 26. Qf1 Qe8 27. Be1 Rh7 28. Ke2 Qh8 29. Kd2 Kg6 30. Kc2 Bf6 31. Kc3 h4 32. gxh4 Bxh4 33. Bxh4 Rxh4 34. Rxh4 Qxh4 35. b5 axb5 36. axb5 Qd8 37. Qa1 Qh4 38. Qf1 Qd8 39. Kb4 Qa8 40. Qe2 1/2-1/2

[Event "Gibraltar Masters 13th"]
[Site "Caleta"]
[Date "2015.02.02"]
[Round "7"]
[White "Fomani, Medhi"]
[Black "Gouait, Raymond"]
[Result "1-0"]
[WhiteElo "2033"]
[BlackElo "1595"]
[PlyCount "112"]
[EventDate "2015.01.27"]
[EventType "swiss"]
[EventRounds "10"]
[EventCountry "GGB"]
[SourceTitle "CBM 165"]
[Source "ChessBase"]
[SourceDate "2015.03.11"]
[SourceVersion "1"]
[SourceVersionDate "2015.03.11"]
[SourceQuality "1"]

1. d4 Nf6 2. Bg5 e6 3. e4 d6 4. Nc3 h6 5. Bh4 Be7 6. Bd3 0-0 7. Qe2 e5 8. dxe5 dxe5 9. 0-0-0 Nc6 10. Nf3 Be6 11. Bb5 Nd4 12. Qf1 Bd6 13. Bc4 c6 14. Kb1 a6 15. Nxd4 exd4 16. Rxd4 Qc7 17. Bxf6 gxf6 18. Bxe6 fxe6 19. Qd1 Rad8 20. Qg4+ Kf7 21. Qh5+ Kg7 22. e5 Bxe5 23. Rg4+ Kh8 24. Rg6 Rf7 25. Rxh6+ Rh7 26. Rxh7+ Qxh7 27. Qxh7+ Kxh7 28. Ne4 b6 29. g3 Kg6 30. f4 Bc7 31. Re1 e5 32. fxe5 Bxe5 33. c3 Kh6 34. Rf1 Kg6 35. Kc2 f5 36. Nf2 Rh8 37. Rh1 Kg5 38. Kd2 c5 39. Ke2 c4 40. Kf3 b5 41. h4+ Kh5 42. Re1 Bb8 43. Nh3 Rg8 44. Nf4+ Bxf4 45. Kxf4 Rg4+ 46. Kf3 Rg6 47. Re5 Rf6 48. Kf4 Kg6 49. a3 Rd6 50. Rxf5 Rd2 51. h5+ Kg7 52. Kg5 Rxb2 53. h6+ Kg8 54. Kg6 Rh2 55. g4 Rh3 56. g5 a5 1-0

[Event "Gibraltar Masters 13th"]
[Site "Caleta"]
[Date "2015.02.01"]
[Round "6"]
[White "Schneider, German"]
[Black "Fomani, Medhi"]
[Result "1-0"]
[WhiteElo "2150"]
[BlackElo "2033"]
[PlyCount "57"]
[EventDate "2015.01.27"]
[EventType "swiss"]
[EventRounds "10"]
[EventCountry "GGB"]
[SourceTitle "CBM 165"]
[Source "ChessBase"]
[SourceDate "2015.03.11"]
[SourceVersion "1"]
[SourceVersionDate "2015.03.11"]
[SourceQuality "1"]

1. d4 d5 2. Bf4 c6 3. c4 e6 4. Nf3 Nf6 5. e3 Bd6 6. Ne5 0-0 7. Nd2 Re8 8. Be2 Qe7 9. c5 Bxe5 10. Bxe5 Nbd7 11. Bd6 Qd8 12. f4 Ne4 13. Nxe4 dxe4 14. 0-0 f5 15. Kh1 Nf6 16. Rg1 Kf7 17. g4 g6 18. g5 Nd5 19. Qd2 Qd7 20. Rg3 Kg8 21. h4 Kf7 22. h5 Rg8 23. hxg6+ hxg6 24. Rh3 Ke8 25. Kg2 b5 26. Rah1 Qf7 27. Qa5 Bb7 28. Kf2 Kd7 29. Be5 1-0

[Event "Gibraltar Masters 13th"]
[Site "Caleta"]
[Date "2015.01.27"]
[Round "1"]
[White "Smith, Axel"]
[Black "Fomani, Medhi"]
[Result "1-0"]
[WhiteElo "2483"]
[BlackElo "2033"]
[PlyCount "49"]
[EventDate "2015.01.27"]
[EventType "swiss"]
[EventRounds "10"]
[EventCountry "GGB"]
[SourceTitle "CBM 165"]
[Source "ChessBase"]
[SourceDate "2015.03.11"]
[SourceVersion "1"]
[SourceVersionDate "2015.03.11"]
[SourceQuality "1"]

1. c4 c6 2. Nf3 Nf6 3. Nc3 d5 4. e3 e6 5. b3 Nbd7 6. Qc2 Be7 7. Bb2 0-0 8. d4 Qa5 9. a3 Re8 10. Be2 Bd6 11. 0-0 e5 12. cxd5 Nxd5 13. Ne4 Bb8 14. Neg5 g6 15. e4 Nf4 16. Bc4 Ne6 17. Nxf7 Kxf7 18. Ng5+ Kf6 19. Nxe6 Rxe6 20. f4 Re7 21. dxe5+ Nxe5 22. fxe5+ Kg7 23. Qf2 Qb6 24. Bd4 Qd8 25. Qf6+ 1-0

[Event "Gibraltar Masters 9th"]
[Site "Caleta"]
[Date "2011.02.03"]
[Round "10"]
[White "Fomani, Medhi"]
[Black "Hegvik, Leif Trygve"]
[Result "0-1"]
[WhiteElo "2013"]
[BlackElo "1814"]
[PlyCount "40"]
[EventDate "2011.01.25"]
[EventType "swiss"]
[EventRounds "10"]
[EventCountry "GGB"]
[SourceTitle "CBM 141"]
[Source "ChessBase"]
[SourceDate "2011.03.17"]
[SourceVersion "1"]
[SourceVersionDate "2011.03.17"]
[SourceQuality "1"]

1. d4 Nf6 2. Bg5 Ne4 3. Bf4 d5 4. e3 c5 5. Bd3 Qb6 6. b3 Qg6 7. Bxe4 dxe4 8. Bg3 h5 9. h4 cxd4 10. Qxd4 Nc6 11. Qa4 Bg4 12. Ne2 Rd8 13. Nbc3 e5 14. 0-0 Be7 15. Rfe1 Rd2 16. Rad1 Rxc2 17. Rc1 Rxc1 18. Nxc1 Bb4 19. Bxe5 Bf3 20. g3 Qe6 0-1

[Event "Budapest Spring op 26th"]
[Site "Budapest"]
[Date "2010.03.24"]
[Round "5"]
[White "Boguszlavszkij, Jevgenyij"]
[Black "Fomani, Medhi"]
[Result "1/2-1/2"]
[WhiteElo "2281"]
[BlackElo "2029"]
[PlyCount "163"]
[EventDate "2010.03.19"]
[EventType "swiss"]
[EventRounds "9"]
[EventCountry "HUN"]
[SourceTitle "CBM 135 Extra"]
[Source "ChessBase"]
[SourceDate "2010.05.04"]
[SourceVersion "1"]
[SourceVersionDate "2010.05.04"]
[SourceQuality "1"]

1. e4 c6 2. d4 d5 3. exd5 cxd5 4. Bd3 Nc6 5. Nf3 Bg4 6. c3 e6 7. Qb3 Qb6 8. Qxb6 axb6 9. Ne5 Nf6 10. Bb5 Rc8 11. Bg5 Bf5 12. Nd2 Bd6 13. 0-0 Bxe5 14. dxe5 Nd7 15. f4 0-0 16. h3 h5 17. Kh2 Nc5 18. Bh4 f6 19. exf6 gxf6 20. Rae1 Kf7 21. Re3 Ra8 22. a3 Na4 23. b3 Nc5 24. a4 Rg8 25. Be2 Rh8 26. Rc1 Rac8 27. Bb5 Ne4 28. Nf3 Na5 29. Nd4 Nc6 30. Nxf5 exf5 31. Rd1 Rhd8 32. Red3 Ne7 33. Be1 Nc5 34. Re3 Ne4 35. Be2 Kg6 36. Red3 Nc5 37. Rg3+ Kh6 38. Re3 Ne4 39. g4 hxg4 40. hxg4 Kg6 41. Rh3 Rh8 42. Rdd3 Rxh3+ 43. Kxh3 fxg4+ 44. Bxg4 f5 45. Be2 Kf7 46. Kg2 Ke6 47. Rh3 Rg8+ 48. Kf3 Rg1 49. Rh6+ Rg6 50. Rh7 Nf6 51. Rh8 Rg8 52. Rxg8 Nfxg8 53. Bf2 Nc8 54. c4 Nf6 55. cxd5+ Nxd5 56. Bc4 Kd6 57. Bd4 Nce7 58. Kg3 Nc6 59. Bf2 Na5 60. Bd3 Ke6 61. Bc2 Nb4 62. Bd1 Nd5 63. Kf3 Nc6 64. Be2 Na5 65. Bd1 Nc6 66. Bg1 Nc3 67. Bc2 Nb4 68. Ke3 Nxc2+ 69. Kd3 Nxa4 70. bxa4 Nb4+ 71. Kc4 Nd5 72. Kb5 Nc3+ 73. Kxb6 Nxa4+ 74. Kxb7 Kd5 75. Ba7 Ke4 76. Bb8 Nc5+ 77. Kc6 Nd3 78. Kd7 Nxf4 79. Ke7 Nd3 80. Kf6 Nc5 81. Bh2 Nd7+ 82. Ke6 1/2-1/2

[Event "Malaga op 13th"]
[Site "Malaga"]
[Date "2010.02.24"]
[Round "6"]
[White "Martin Carmona, Gaston Manuel"]
[Black "Fomani, Medhi"]
[Result "0-1"]
[WhiteElo "1887"]
[BlackElo "2029"]
[PlyCount "130"]
[EventDate "2010.02.20"]
[EventType "swiss"]
[EventRounds "9"]
[EventCountry "ESP"]
[SourceTitle "CBM 135 Extra"]
[Source "ChessBase"]
[SourceDate "2010.05.04"]
[SourceVersion "1"]
[SourceVersionDate "2010.05.04"]
[SourceQuality "1"]

1. e4 c6 2. d4 d5 3. Nc3 dxe4 4. Nxe4 h6 5. Bf4 Bf5 6. Ng3 Bg6 7. Bc4 e6 8. Nf3 Nd7 9. Bd3 Bxd3 10. Qxd3 Ngf6 11. 0-0-0 Nd5 12. Bd2 Qc7 13. Rhe1 Be7 14. Nh5 Rg8 15. c4 N5f6 16. Bf4 Qa5 17. Nxf6+ Bxf6 18. Kb1 0-0-0 19. a3 Rge8 20. Bd6 Qf5 21. d5 Qxd3+ 22. Rxd3 exd5 23. Rxe8 Rxe8 24. c5 Re2 25. Rd2 Rxd2 26. Nxd2 Bd4 27. b4 Bxf2 28. Kc2 f6 29. Kd3 b6 30. Ke2 Bd4 31. cxb6 axb6 32. Nf3 Bb2 33. a4 g5 34. h4 c5 35. bxc5 bxc5 36. hxg5 hxg5 37. Nh2 Be5 38. Bxe5 Nxe5 39. Nf1 Kb7 40. Ne3 Kc6 41. a5 d4 42. Nf5 Kb5 43. Nd6+ Kxa5 44. Ne4 Nd7 45. Kd3 Kb5 46. g3 g4 47. Kc2 Kc4 48. Nd6+ Kd5 49. Nf5 Ke4 50. Nh6 Ne5 51. Kd2 c4 52. Kc2 f5 53. Kd2 f4 54. gxf4 Kxf4 55. Ng8 g3 56. Nf6 g2 57. Nh5+ Kf3 58. Ng7 g1Q 59. Nf5 Qg5+ 60. Kc2 Qxf5+ 61. Kb2 c3+ 62. Kb3 Qb1+ 63. Ka4 Qb6 64. Ka3 Qb5 65. Ka2 Qb2# 0-1

[Event "Malaga op 13th"]
[Site "Malaga"]
[Date "2010.02.23"]
[Round "5"]
[White "Fomani, Medhi"]
[Black "Spence, David"]
[Result "0-1"]
[WhiteElo "2029"]
[BlackElo "2268"]
[PlyCount "92"]
[EventDate "2010.02.20"]
[EventType "swiss"]
[EventRounds "9"]
[EventCountry "ESP"]
[SourceTitle "CBM 135 Extra"]
[Source "ChessBase"]
[SourceDate "2010.05.04"]
[SourceVersion "1"]
[SourceVersionDate "2010.05.04"]
[SourceQuality "1"]

1. d4 e6 2. Nf3 Nf6 3. g3 d5 4. Bg2 Be7 5. 0-0 0-0 6. Nbd2 b6 7. Re1 Bb7 8. c3 c5 9. Ne5 Nc6 10. Nxc6 Bxc6 11. Nf3 Rc8 12. Bg5 h6 13. Bf4 b5 14. Ne5 Ba8 15. a3 a5 16. Be3 c4 17. Bd2 Rb8 18. b4 cxb3 19. Qxb3 Ne4 20. Bxe4 dxe4 21. Reb1 Bd6 22. Ng4 Bd5 23. Qd1 a4 24. Ne3 Bb3 25. Rxb3 axb3 26. Qxb3 Qd7 27. Qc2 f5 28. Ng2 Ra8 29. Qb3 Kh7 30. Bf4 Be7 31. h4 Ra4 32. Bc1 g5 33. hxg5 hxg5 34. Qc2 Kg6 35. g4 Rh8 36. f4 exf3 37. gxf5+ exf5 38. exf3 Bd6 39. Qd2 Rh5 40. Qe2 Ra8 41. Kf2 Re8 42. Qd2 Qc7 43. a4 Bg3+ 44. Kg1 Qh7 45. Nh4+ Bxh4 46. axb5 Bf2+ 0-1

[Event "Malaga op 11th"]
[Site "Malaga"]
[Date "2008.02.23"]
[Round "1"]
[White "Strikovic, Aleksa"]
[Black "Fomani, Medhi"]
[Result "1/2-1/2"]
[WhiteElo "2543"]
[BlackElo "2051"]
[PlyCount "126"]
[EventDate "2008.02.23"]
[EventType "swiss"]
[EventRounds "9"]
[EventCountry "ESP"]
[SourceTitle "CBM 123 Extra"]
[Source "ChessBase"]
[SourceDate "2008.05.06"]
[SourceVersion "1"]
[SourceVersionDate "2008.05.06"]
[SourceQuality "1"]

1. c4 c6 2. e4 d5 3. exd5 cxd5 4. d4 dxc4 5. Bxc4 Qc7 6. Qb3 e6 7. Nc3 Nf6 8. Nb5 Qd8 9. Bf4 Na6 10. Nf3 Bb4+ 11. Nc3 Nd5 12. Bd2 Nxc3 13. bxc3 Be7 14. Bb5+ Bd7 15. Ne5 Nb8 16. Rb1 Nc6 17. Bxc6 Bxc6 18. Nxc6 bxc6 19. Qb7 0-0 20. Qxc6 Bg5 21. f4 Bh4+ 22. g3 Bf6 23. 0-0 Qa5 24. Rb2 h5 25. a4 g6 26. Qb5 Qc7 27. Qd3 Qc6 28. a5 Rab8 29. Rfb1 Rxb2 30. Rxb2 Qa4 31. a6 Rd8 32. Rb7 h4 33. Be1 h3 34. Qf1 Qa1 35. Rxa7 Rxd4 36. cxd4 Bxd4+ 37. Bf2 Bxf2+ 38. Kxf2 Qd4+ 39. Kf3 Qxa7 40. g4 Qd4 41. Kg3 e5 42. fxe5 Qxe5+ 43. Kxh3 Qe3+ 44. Kg2 Qe4+ 45. Qf3 Qc2+ 46. Kh3 Qc5 47. Qe2 Kg7 48. Kg3 Kg8 49. Kf4 Qd4+ 50. Kf3 Kg7 51. h4 Kg8 52. h5 gxh5 53. gxh5 Qd5+ 54. Kg3 Qd6+ 55. Kh3 Qa3+ 56. Kh4 Qc5 57. Qe4 Qf2+ 58. Kh3 Qc5 59. Qe2 Kg7 60. Kh4 Kf8 61. Qd3 Qf2+ 62. Kh3 Qc5 63. Qf3 Qc8+ 1/2-1/2

[Event "Jonkoping op"]
[Site "Jonkoping"]
[Date "1988.??.??"]
[Round "6"]
[White "Kyhle, Bo"]
[Black "Fomani, Medhi"]
[Result "1-0"]
[WhiteElo "1650"]
[BlackElo "1450"]
[PlyCount "125"]
[EventDate "1988.??.??"]
[EventType "swiss"]
[EventRounds "7"]
[EventCountry "SWE"]
[SourceTitle "EXT 2001"]
[Source "ChessBase"]
[SourceDate "2000.11.22"]
[SourceVersion "1"]
[SourceVersionDate "2000.11.22"]
[SourceQuality "1"]

1. c4 e6 2. d4 d5 3. e3 Nf6 4. Nf3 Be7 5. Nc3 Nbd7 6. Bd3 0-0 7. cxd5 Nxd5 8. Ne4 h6 9. 0-0 b6 10. Ng3 Bb7 11. Bd2 c5 12. Qe2 cxd4 13. exd4 N7f6 14. Ne4 Bd6 15. Nxd6 Qxd6 16. Qe5 Qxe5 17. dxe5 Nd7 18. Rfe1 Rac8 19. Nd4 Nc5 20. Bf1 a6 21. b4 Nd7 22. f4 Nb8 23. Rac1 Rfd8 24. Rxc8 Rxc8 25. a3 Nc6 26. Nxc6 Rxc6 27. Rc1 b5 28. Rxc6 Bxc6 29. Kf2 Kf8 30. g3 Nc7 31. Be3 Ke8 32. Bc5 g6 33. g4 Bh1 34. Kg3 Nd5 35. Bd4 Be4 36. h4 Kd7 37. Be2 Kc6 38. Bf3 Bxf3 39. Kxf3 h5 40. gxh5 gxh5 41. Ke4 Ne7 42. Bc5 Nf5 43. Bf2 Ne7 44. Bd4 Ng6 45. Bf2 Nf8 46. f5 exf5+ 47. Kxf5 Kd5 48. Kf6 Nd7+ 49. Kxf7 Kxe5 50. Kg6 Nf8+ 51. Kxh5 Ne6 52. Kg6 Nf4+ 53. Kh6 Kf6 54. h5 Ne6 55. Bc5 Nf4 56. Bd4+ Kf7 57. Be3 Ne6 58. Kh7 Ng7 59. h6 Nf5 60. Bg5 Ng3 61. Kh8 Kg6 62. Kg8 Kxg5 63. h7 1-0